<?xml version="1.0" encoding="UTF-8"?>
<record
    xmlns:xsi="http://www.w3.org/2001/XMLSchema-instance"
    xsi:schemaLocation="http://www.loc.gov/MARC21/slim http://www.loc.gov/standards/marcxml/schema/MARC21slim.xsd"
    xmlns="http://www.loc.gov/MARC21/slim">

  <leader>01338nam a2200301Ia 4500</leader>
  <controlfield tag="003">OSt</controlfield>
  <controlfield tag="005">20210113113116.0</controlfield>
  <controlfield tag="008">191128t2000    ck ad  fr     000 0dspa d</controlfield>
  <datafield tag="020" ind1=" " ind2=" ">
    <subfield code="a">8420529850</subfield>
  </datafield>
  <datafield tag="040" ind1=" " ind2=" ">
    <subfield code="a">CO-JMCR</subfield>
    <subfield code="c">CO-JMCR</subfield>
  </datafield>
  <datafield tag="041" ind1="1" ind2=" ">
    <subfield code="a">spa</subfield>
    <subfield code="h">eng</subfield>
  </datafield>
  <datafield tag="082" ind1="0" ind2="4">
    <subfield code="a">339 /</subfield>
    <subfield code="b">B639m</subfield>
    <subfield code="2">23</subfield>
  </datafield>
  <datafield tag="100" ind1="1" ind2=" ">
    <subfield code="a">Blanchard, Olivier, </subfield>
    <subfield code="e">autor</subfield>
    <subfield code="9">7818</subfield>
  </datafield>
  <datafield tag="245" ind1="1" ind2="0">
    <subfield code="a">Macroeconom&#xED;a /</subfield>
    <subfield code="c">Oliver Blanchard ; traducci&#xF3;n de Esther Rabasco y Luis Toharia</subfield>
  </datafield>
  <datafield tag="250" ind1=" " ind2=" ">
    <subfield code="a">Segunda edici&#xF3;n</subfield>
  </datafield>
  <datafield tag="260" ind1=" " ind2=" ">
    <subfield code="a">Bogot&#xE1; : </subfield>
    <subfield code="b">Pearson Educaci&#xF3;n, </subfield>
    <subfield code="c">&#xA9;2000</subfield>
  </datafield>
  <datafield tag="300" ind1=" " ind2=" ">
    <subfield code="a">xxviii, 640 p&#xE1;ginas : </subfield>
    <subfield code="b">gr&#xE1;ficos a blanco y negro ; </subfield>
    <subfield code="c">26 cm.</subfield>
  </datafield>
  <datafield tag="500" ind1=" " ind2=" ">
    <subfield code="a">Incluye notas a pie de p&#xE1;gina y datos biogr&#xE1;ficos del autor.</subfield>
  </datafield>
  <datafield tag="505" ind1="0" ind2=" ">
    <subfield code="a">Una gira por el mundo -- Una gira por el libro -- El n&#xFA;cleo -- El mercado de bienes -- los mercados financieros -- los mercados de bienes y financieros: el modelo IS-LM</subfield>
  </datafield>
  <datafield tag="520" ind1="3" ind2=" ">
    <subfield code="a">"Macroeconom&#xED;a de Oliver Blanchard, es un texto de obligada lectura para aquellas personas que deseen comprender el comportamiento agregado de las econom&#xED;as actuales a la luz de la experiencia hist&#xF3;rica.</subfield>
  </datafield>
  <datafield tag="534" ind1=" " ind2=" ">
    <subfield code="p">Macroeconomics</subfield>
  </datafield>
  <datafield tag="546" ind1=" " ind2=" ">
    <subfield code="a">Traducido del ingl&#xE9;s</subfield>
  </datafield>
  <datafield tag="650" ind1="1" ind2="4">
    <subfield code="a">Macroeconom&#xED;a </subfield>
    <subfield code="9">7826</subfield>
  </datafield>
  <datafield tag="650" ind1="1" ind2="4">
    <subfield code="a">Econom&#xED;a</subfield>
    <subfield code="9">7827</subfield>
  </datafield>
  <datafield tag="700" ind1="1" ind2=" ">
    <subfield code="a">Rabasco, Esther, </subfield>
    <subfield code="e">traductora</subfield>
    <subfield code="9">4986</subfield>
  </datafield>
  <datafield tag="700" ind1="1" ind2=" ">
    <subfield code="a">Toharia, Luis, </subfield>
    <subfield code="e">traductor</subfield>
    <subfield code="9">4738</subfield>
  </datafield>
  <datafield tag="942" ind1=" " ind2=" ">
    <subfield code="2">ddc</subfield>
    <subfield code="c">BK</subfield>
  </datafield>
  <datafield tag="999" ind1=" " ind2=" ">
    <subfield code="c">3632</subfield>
    <subfield code="d">3632</subfield>
  </datafield>
  <datafield tag="952" ind1=" " ind2=" ">
    <subfield code="0">0</subfield>
    <subfield code="1">0</subfield>
    <subfield code="2">ddc</subfield>
    <subfield code="4">0</subfield>
    <subfield code="7">0</subfield>
    <subfield code="8">NFIC</subfield>
    <subfield code="a">CPL</subfield>
    <subfield code="b">CPL</subfield>
    <subfield code="d">2018-07-12</subfield>
    <subfield code="e">Donaci&#xF3;n</subfield>
    <subfield code="l">2</subfield>
    <subfield code="o">339 / B639m</subfield>
    <subfield code="p">201807506</subfield>
    <subfield code="r">2024-05-16 00:00:00</subfield>
    <subfield code="s">2019-12-09</subfield>
    <subfield code="t">Ej.1</subfield>
    <subfield code="y">BK</subfield>
    <subfield code="z">Exlibris : karen Cristina Rodrigu&#xE9;z Zapata</subfield>
  </datafield>
</record>
